000 00296nam a22001337a 4500
008 170922b xxu||||| |||| 00| 0 eng d
020 _a9780872201569
041 _aeng
080 _22ND
_a37
100 _a46
101 _aEDU
245 _aA RULEBOOK FOR ARGUMENTS
_cWESTON,A
942 _2udc
_cBK
999 _c28974
_d28974